000 00522pab a2200181 454500
008 180718b1996 xxu||||| |||| 00| 0 eng d
100 _aPatnaik, Utsa
245 _aExport-oriented agriculture and food security in developing countries and India
260 _c1996
300 _ap.2429-449
362 _aSep
650 _aInternational trade
650 _aAgriculture - Developing countries
650 _aAgriculture - India
650 _aFood security
773 _aEconomic and Political Weekly
909 _a32625
999 _c32625
_d32625